000 00546nam a2200181Ia 4500
008 090630s9999 xx 000 0 und d
082 _b27296
100 _aमेंगजी अशोक.
245 _aतडफड.
_cमेंगजी अशोक.
260 _bचंद्रमौळी - पुणे.
_c2004
300 _a192
600 _aमेंगजी अशोक.
630 _aतडफड.
655 _aलघुकथा.
700 _aमेंगजी अशोक.
730 _aतडफड.
942 _cBOOK
999 _c279152
_d279152